000 00720nam a2200253 i 4500
001 C2-0309223
003 PPAK
005 20180728100226.0
008 110525s my a|||| ||||| | may d
020 _a9831974778
040 _aPPAK
_beng
_cPPAK
_erda
082 0 4 _a633.8952
_223
090 0 0 _a633.8952
_bNOR
_dKMI
100 0 _aNoraida Haji Ilias,
_eauthor
245 1 0 _aPanduan lengkap penanaman getah
264 1 _aKuala Lumpur :
_bSynergy Media Books ,
300 _a226 pages :
_bcolour illustrations ;
_c22 cm
336 _2rdacontent
_atext
337 _2rdamedia
_aunmediated
338 _2rdacarrier
_avolume
650 1 0 _aRubber plants.
700 0 _aNur Batrisyia Mirza,
_eeditor
942 _ddc
_cB
999 _c111772
_d111772